00319nam a2200109 a 450000500170000000800410001705000210005810000190007924500400009826000490013830000220018720140310183323.0060309s19uu xx 00 eng d aPZ 4b.C133 1972 aCaidin, Martin aCyborg /ca novel by Martin Caidin. aNew York :bWarner Paperback Library,c1972. a318 p. :c17 cm.